banner-ar

الصلعا :رائدة القرى بماضيها العريق وحاضرها المشرف ومستقبلها المشرق (Record no. 44522)

MARC details
000 -الفاتح
حقل البيانات ثابتة الطول 00504nam a2200169Ia 4500
008 - عناصر البيانات ثابتة الطول - معلومات عامة
حقل البيانات ثابتة الطول 140319s9999 xx 000 0 ara d
040 ## - مصدر الفهرسة
وكالة الفهرسة الأصلية GCL /
وكالة النسخ GCL
082 04 - رقم تصنيف ديوى العشرى
رقم التصنيف 962.3
رقم المادة ع ص
245 10 - بيان العنوان
العنوان الصلعا :رائدة القرى بماضيها العريق وحاضرها المشرف ومستقبلها المشرق
300 ## - الوصف المادى
التعداد 246
490 ## - بيان السلسلة
عنوان السلسلة اعرف بلدك
رقم المجلد/ التعيين التسلسلي 0
650 04 - المدخل الاضافى بالموضوع-مصطلح موضوعى
مصطلح موضوعي سوهاج
650 04 - المدخل الاضافى بالموضوع-مصطلح موضوعى
مصطلح موضوعي المساجد الاثرية
650 04 - المدخل الاضافى بالموضوع-مصطلح موضوعى
مصطلح موضوعي الصلعا
942 ## - عناصر المدخل الإضافي( كوها)
مصدر التصنيف او مخطط الترفيف Dewey Decimal Classification
Koha [default] item type كتاب
Holdings
حالة التراجع حالة الفقد حالة تلف ليس للاعارة المكان المؤقت الموقع الحالى موقع الترفيف تاريخ الاكتساب اجمالي اﻻعارات رقم الطلب الباركود تاريخ اخر مشاهدة تاريخ تفعيل السعر نوع وعاء كوها
        مكتبة القاهرة الكبرى مكتبة القاهرة الكبرى   03/26/2014   962.3\ع ص 108624 03/26/2014 03/26/2014 كتاب

Powered By

EGPV